[Event "Madrid ch Veteranos 2122"]
[Site "Madrid ESP"]
[Date "2022.04.06"]
[Round "8.6"]
[White "Lorenzo Bailador, Alfredo"]
[Black "Vazquez Gonzalez, Jesus"]
[Result "1-0"]
[WhiteElo "1985"]
[BlackElo "1853"]
[PlyCount "99"]
[EventDate "2022.03.28"]
[EventType "swiss"]
[EventRounds "9"]
[EventCountry "ESP"]
[SourceTitle "Ajedrez en Madrid"]
[Source "lmi"]
[SourceDate "2022.03.28"]
[SourceVersion "1"]
[SourceVersionDate "2022.04.18"]
[SourceQuality "1"]

1. e4 g6 2. d4 Bg7 3. c3 d5 4. exd5 Qxd5 5. Nf3 Nf6 6. h3 O-O 7. Na3 Bf5 8. Bc4
Qe4+ 9. Qe2 Qxe2+ 10. Kxe2 c6 11. Re1 Nbd7 12. Kf1 Nb6 13. Bb3 Rae8 14. Bf4
Nbd5 15. Bh2 Bd3+ 16. Kg1 Nh5 17. Ne5 Bxe5 18. Rxe5 Nhf4 19. c4 Ne2+ 20. Rxe2
Bxe2 21. cxd5 cxd5 22. Bxd5 Rd8 23. Bxb7 Rxd4 24. Be5 Rb4 25. Re1 Rxb7 26. Rxe2
f6 27. Bc3 Rd8 28. Kf1 Rd1+ 29. Re1 Rxe1+ 30. Kxe1 Kf7 31. Ke2 Ke6 32. Nc4 Kd5
33. Kd3 e5 34. Ne3+ Ke6 35. a4 Rc7 36. a5 a6 37. Nc4 Rc5 38. Nb6 f5 39. Na4
Rd5+ 40. Kc4 Kd6 41. b4 Rd1 42. Nc5 Rg1 43. Nxa6 Rxg2 44. b5 Rxf2 45. b6 Kc6
46. Nb4+ Kb7 47. Kb5 Rf3 48. a6+ Ka8 49. b7+ Ka7 50. Nc6# 1-0

[Event "Madrid ch Veteranos 2122"]
[Site "Madrid ESP"]
[Date "2022.04.06"]
[Round "8.7"]
[White "Lopez de Turiso, Jose Angel"]
[Black "Luque Ibanes, Manuel"]
[Result "0-1"]
[WhiteElo "1935"]
[BlackElo "1966"]
[PlyCount "92"]
[EventDate "2022.03.28"]
[EventType "swiss"]
[EventRounds "9"]
[EventCountry "ESP"]
[SourceTitle "Ajedrez en Madrid"]
[Source "lmi"]
[SourceDate "2022.03.28"]
[SourceVersion "1"]
[SourceVersionDate "2022.04.18"]
[SourceQuality "1"]

1. e4 d6 2. d4 Nf6 3. Nc3 e5 4. Nf3 exd4 5. Nxd4 Be7 6. Be2 Nc6 7. Nxc6 bxc6 8.
O-O O-O 9. Be3 c5 10. f3 Rb8 11. b3 Bb7 12. Qd2 Re8 13. Rad1 Bf8 14. Bc4 Nd7
15. Qf2 a6 16. Rfe1 Nb6 17. Bxc5 Nxc4 18. bxc4 Qg5 19. Ba7 Rbc8 20. Nd5 Bc6 21.
Be3 Qh5 22. Qg3 Kh8 23. Bd4 Qg6 24. Qxg6 hxg6 25. g4 Be7 26. Kg2 Bh4 27. Bf2
Bd8 28. h4 Bd7 29. h5 gxh5 30. Rh1 Kg8 31. Rxh5 f6 32. Rdh1 Kf7 33. Bd4 c6 34.
Nf4 Be7 35. Rh7 d5 36. g5 Rg8 37. g6+ Kf8 38. exd5 cxd5 39. Nxd5 Rxc4 40. c3
Ra4 41. Ra1 Bf5 42. Nf4 Bd6 43. Kg3 Bxg6 44. Rh2 Bf7 45. Rb2 g5 46. Bxf6 Rxf4
0-1

[Event "Madrid ch Veteranos 2122"]
[Site "Madrid ESP"]
[Date "2022.04.06"]
[Round "8.8"]
[White "Alberdi Garcia, Carlos Alfonso"]
[Black "Villares Galiano, Luis"]
[Result "1/2-1/2"]
[WhiteElo "1681"]
[BlackElo "1936"]
[PlyCount "24"]
[EventDate "2022.03.28"]
[EventType "swiss"]
[EventRounds "9"]
[EventCountry "ESP"]
[SourceTitle "Ajedrez en Madrid"]
[Source "lmi"]
[SourceDate "2022.03.28"]
[SourceVersion "1"]
[SourceVersionDate "2022.04.18"]
[SourceQuality "1"]

1. d4 d5 2. Nf3 e6 3. e3 Nf6 4. Bd3 c5 5. c3 Be7 6. O-O O-O 7. Nbd2 b6 8. Qe2
Bb7 9. Ne5 Nbd7 10. f4 Ne4 11. Qf3 f5 12. Qe2 g6 1/2-1/2

[Event "Madrid ch Veteranos 2122"]
[Site "Madrid ESP"]
[Date "2022.04.06"]
[Round "8.9"]
[White "Toledo Aguirre, Gonzalo"]
[Black "De Paz Nistal, Santiago"]
[Result "1/2-1/2"]
[WhiteElo "1879"]
[BlackElo "1873"]
[PlyCount "28"]
[EventDate "2022.03.28"]
[EventType "swiss"]
[EventRounds "9"]
[EventCountry "ESP"]
[SourceTitle "Ajedrez en Madrid"]
[Source "lmi"]
[SourceDate "2022.03.28"]
[SourceVersion "1"]
[SourceVersionDate "2022.04.18"]
[SourceQuality "1"]

1. d4 Nf6 2. c4 g6 3. Nc3 d5 4. Nf3 Bg7 5. g3 O-O 6. Bg2 c6 7. Ne5 dxc4 8. Nxc4
Nbd7 9. O-O Nb6 10. Ne5 Be6 11. e4 Qc8 12. Be3 Bh3 13. Qe2 Bxg2 14. Kxg2 Nfd7
1/2-1/2

[Event "Madrid ch Veteranos 2122"]
[Site "Madrid ESP"]
[Date "2022.04.06"]
[Round "8.10"]
[White "Cabanas Bravo, Juan Andres"]
[Black "Vinas Lopez, Carlos"]
[Result "1/2-1/2"]
[WhiteElo "1903"]
[BlackElo "1860"]
[PlyCount "71"]
[EventDate "2022.03.28"]
[EventType "swiss"]
[EventRounds "9"]
[EventCountry "ESP"]
[SourceTitle "Ajedrez en Madrid"]
[Source "lmi"]
[SourceDate "2022.03.28"]
[SourceVersion "1"]
[SourceVersionDate "2022.04.18"]
[SourceQuality "1"]

1. e4 e6 2. d4 d5 3. Nd2 dxe4 4. Nxe4 Bd7 5. Nf3 Bc6 6. Bd3 Nd7 7. O-O Ngf6 8.
Ng3 Be7 9. c4 Bxf3 10. Qxf3 c6 11. b3 O-O 12. Bb2 Qa5 13. a3 Rfe8 14. Rfe1 Bf8
15. Rac1 Rad8 16. Bc3 Qc7 17. b4 Qb8 18. Nh5 Nxh5 19. Qxh5 g6 20. Qh4 Bg7 21.
Re3 Nf8 22. Rce1 Rd7 23. Bc2 Qd8 24. Qg3 Bxd4 25. Bxd4 Rxd4 26. c5 Re7 27. h3
Red7 28. Qf3 Kg7 29. R3e2 Qf6 30. Qe3 R4d5 31. Qg3 Qg5 32. Qc3+ Qf6 33. Qg3 Qd8
34. Qc3+ Kg8 35. a4 a6 36. Be4 1/2-1/2

[Event "Madrid ch Veteranos 2122"]
[Site "Madrid ESP"]
[Date "2022.04.06"]
[Round "8.11"]
[White "Fiz Criado, Fidel"]
[Black "Esteban Amo, Jose M."]
[Result "0-1"]
[WhiteElo "1861"]
[BlackElo "1874"]
[PlyCount "102"]
[EventDate "2022.03.28"]
[EventType "swiss"]
[EventRounds "9"]
[EventCountry "ESP"]
[SourceTitle "Ajedrez en Madrid"]
[Source "lmi"]
[SourceDate "2022.03.28"]
[SourceVersion "1"]
[SourceVersionDate "2022.04.18"]
[SourceQuality "1"]

1. e4 c5 2. d4 cxd4 3. c3 d3 4. Bxd3 Nc6 5. Nf3 g6 6. Nbd2 Bg7 7. O-O d6 8. Nc4
Nf6 9. e5 dxe5 10. Ncxe5 Nxe5 11. Nxe5 O-O 12. Qe2 Be6 13. f4 Ng4 14. Nf3 Qb6+
15. Kh1 Rad8 16. Ng5 Rxd3 17. Nxe6 fxe6 18. Qxg4 Rfd8 19. h3 Qd6 20. Re1 Rd1
21. Be3 Rxa1 22. Rxa1 a6 23. Re1 Kf7 24. h4 Qd5 25. a3 Bf6 26. Bf2 h5 27. Qe2
Rd6 28. Kg1 Qd2 29. Bg3 Qxe2 30. Rxe2 Rd5 31. Kf2 Bg7 32. Ke1 Kf6 33. Bf2 Kf5
34. g3 e5 35. Be3 exf4 36. gxf4 Bf6 37. Rh2 Rd3 38. Ke2 Ke4 39. Bc1 Rg3 40. Kf1
Rg4 41. Re2+ Kf5 42. c4 Rxh4 43. Kg2 e5 44. fxe5 Bxe5 45. b3 Rh2+ 46. Kf3 Rxe2
47. Kxe2 g5 48. Kf3 g4+ 49. Kg2 h4 50. Be3 h3+ 51. Kh1 Ke4 0-1

[Event "Madrid ch Veteranos 2122"]
[Site "Madrid ESP"]
[Date "2022.04.06"]
[Round "8.12"]
[White "Lopez Molina, Santiago Jorge"]
[Black "Marin Aso, Jose Luis"]
[Result "0-1"]
[WhiteElo "1868"]
[BlackElo "1834"]
[PlyCount "55"]
[EventDate "2022.03.28"]
[EventType "swiss"]
[EventRounds "9"]
[EventCountry "ESP"]
[SourceTitle "Ajedrez en Madrid"]
[Source "lmi"]
[SourceDate "2022.03.28"]
[SourceVersion "1"]
[SourceVersionDate "2022.04.18"]
[SourceQuality "1"]

1. e4 c5 2. d4 cxd4 3. c3 Nf6 4. e5 Nd5 5. cxd4 d6 6. f4 e6 7. Nf3 Bd7 8. Nc3
Bc6 9. Bd3 Be7 10. O-O O-O 11. exd6 Qxd6 12. Ne4 Qc7 13. Ne5 Nd7 14. Nxd7 Qxd7
15. Qh5 g6 16. Qh6 Nb4 17. Rf3 Qxd4+ 18. Be3 Qg7 19. Qxg7+ Kxg7 20. Bb1 f5 21.
Nc5 Bxf3 22. Nxe6+ Kf7 23. Nxf8 Kxf8 24. gxf3 Rd8 25. Bxf5 gxf5 26. Bxa7 Ra8
27. Bd4 Nc2 28. Rd1 0-1

[Event "Madrid ch Veteranos 2122"]
[Site "Madrid ESP"]
[Date "2022.04.06"]
[Round "8.13"]
[White "Marcos Herrero, Francisco"]
[Black "Martin Sanchez, Pablo"]
[Result "1-0"]
[WhiteElo "1897"]
[BlackElo "1766"]
[PlyCount "51"]
[EventDate "2022.03.28"]
[EventType "swiss"]
[EventRounds "9"]
[EventCountry "ESP"]
[SourceTitle "Ajedrez en Madrid"]
[Source "lmi"]
[SourceDate "2022.03.28"]
[SourceVersion "1"]
[SourceVersionDate "2022.04.18"]
[SourceQuality "1"]

1. c4 c6 2. Nf3 d5 3. d4 Nf6 4. g3 dxc4 5. Bg2 e6 6. O-O Nbd7 7. Qc2 Be7 8.
Nbd2 O-O 9. Nxc4 Nd5 10. a3 N5b6 11. Ncd2 Nf6 12. Rd1 Bd7 13. Nb3 Qc8 14. e4
Rd8 15. Bf4 Be8 16. Rac1 h6 17. Qe2 Bf8 18. Bh3 g5 19. e5 Nfd5 20. Bxg5 hxg5
21. Nxg5 Qc7 22. Qh5 Bg7 23. Nc5 Qe7 24. Qh7+ Kf8 25. Ngxe6+ fxe6 26. Nxe6+ 1-0

[Event "Madrid ch Veteranos 2122"]
[Site "Madrid ESP"]
[Date "2022.04.06"]
[Round "8.14"]
[White "Yeves Miquel, Enrique"]
[Black "Garcia Martin, Esteban"]
[Result "1/2-1/2"]
[WhiteElo "1832"]
[BlackElo "1895"]
[PlyCount "113"]
[EventDate "2022.03.28"]
[EventType "swiss"]
[EventRounds "9"]
[EventCountry "ESP"]
[SourceTitle "Ajedrez en Madrid"]
[Source "lmi"]
[SourceDate "2022.03.28"]
[SourceVersion "1"]
[SourceVersionDate "2022.04.18"]
[SourceQuality "1"]

1. d4 Nf6 2. g3 d5 3. Nf3 c5 4. Bg2 e6 5. O-O cxd4 6. Nxd4 Be7 7. c4 Nc6 8.
cxd5 exd5 9. Nc3 O-O 10. a3 Qb6 11. Nf3 Rd8 12. Na4 Qc7 13. Bf4 Bd6 14. Bxd6
Qxd6 15. e3 Bg4 16. Qd3 Ne4 17. Nc3 Bxf3 18. Bxf3 Ne5 19. Qe2 Nxf3+ 20. Qxf3
Nd2 21. Qe2 Nxf1 22. Rxf1 a6 23. Rd1 Qe5 24. Rd4 Rd7 25. Qd2 Rad8 26. Qd3 f5
27. Qd2 h6 28. Qd3 Kh8 29. Qd2 Kh7 30. Kg2 g6 31. Qd3 h5 32. h4 Kg7 33. Qd2 Qe6
34. Qd3 Rc8 35. Nxd5 Rcd8 36. Qc3 Kh6 37. Nf4 Qc6+ 38. Qxc6 bxc6 39. Rc4 Rd6
40. b4 Rb8 41. Ne2 Kg7 42. Nd4 Rc8 43. a4 Kf7 44. a5 Ke7 45. Nb3 Ra8 46. Nc5
Ra7 47. Na4 Kd8 48. Kf3 Kc7 49. Nc5 Kd8 50. Kf4 Ke7 51. Nb3 Kf6 52. Nd4 Rc7 53.
Nb3 Re7 54. Nc5 Ra7 55. Nb3 Rc7 56. Nc5 Ra7 57. Nb3 1/2-1/2

[Event "Madrid ch Veteranos 2122"]
[Site "Madrid ESP"]
[Date "2022.04.06"]
[Round "8.15"]
[White "Vazquez Gonzalez, Francisco"]
[Black "Perez Pascual, Arturo"]
[Result "0-1"]
[WhiteElo "1851"]
[BlackElo "1704"]
[PlyCount "60"]
[EventDate "2022.03.28"]
[EventType "swiss"]
[EventRounds "9"]
[EventCountry "ESP"]
[SourceTitle "Ajedrez en Madrid"]
[Source "lmi"]
[SourceDate "2022.03.28"]
[SourceVersion "1"]
[SourceVersionDate "2022.04.18"]
[SourceQuality "1"]

1. e4 e5 2. Nf3 Nf6 3. Nxe5 Qe7 4. d4 Nc6 5. Nc3 Nxe5 6. dxe5 Qxe5 7. f4 Qa5 8.
Bd3 d5 9. exd5 Nxd5 10. Qe2+ Be6 11. Bd2 O-O-O 12. O-O Nb4 13. f5 Bd7 14. Be4
Bc6 15. a3 Qb6+ 16. Be3 Bc5 17. Bxc5 Qxc5+ 18. Kh1 Nd5 19. Nxd5 Bxd5 20. b4 Qe7
21. Rae1 Rhe8 22. Qf2 Bxe4 23. Qxa7 b6 24. h3 Rd2 25. Qa6+ Kb8 26. Re2 Qg5 27.
Rff2 Red8 28. Qb5 Rxe2 29. Rxe2 Rd1+ 30. Kh2 Qf4+ 0-1

[Event "Madrid ch Veteranos 2122"]
[Site "Madrid ESP"]
[Date "2022.04.06"]
[Round "8.16"]
[White "Marin Lopez, Juan Jose"]
[Black "Vukotic Jovsic, Dragan"]
[Result "0-1"]
[WhiteElo "1707"]
[BlackElo "1834"]
[PlyCount "82"]
[EventDate "2022.03.28"]
[EventType "swiss"]
[EventRounds "9"]
[EventCountry "ESP"]
[SourceTitle "Ajedrez en Madrid"]
[Source "lmi"]
[SourceDate "2022.03.28"]
[SourceVersion "1"]
[SourceVersionDate "2022.04.18"]
[SourceQuality "1"]

1. b4 e5 2. Bb2 d6 3. c4 Be6 4. d3 a5 5. b5 c6 6. a4 d5 7. cxd5 Qxd5 8. e4 Bb4+
9. Nd2 Qd6 10. Ngf3 Nd7 11. Be2 cxb5 12. axb5 f6 13. O-O Ne7 14. d4 exd4 15.
Nxd4 Ne5 16. Nxe6 Qxe6 17. f4 Rd8 18. Bc1 Nd3 19. Bxd3 Rxd3 20. Qe2 Qb6+ 21.
Kh1 Qxb5 22. Rf3 Rd5 23. Qxb5+ Rxb5 24. Nb3 Nc6 25. Bb2 O-O 26. h3 Re8 27. Re3
b6 28. Rc1 Ne7 29. Nd4 Bd2 30. Nxb5 Bxe3 31. Rf1 Nc6 32. Nd6 Re6 33. e5 fxe5
34. fxe5 Nxe5 35. Nf5 Nc4 36. Bxg7 Nd6 37. g4 Nxf5 38. gxf5 Rd6 39. f6 Kf7 40.
Re1 Bd4 41. Re7+ Kg6 0-1

[Event "Madrid ch Veteranos 2122"]
[Site "Madrid ESP"]
[Date "2022.04.06"]
[Round "8.17"]
[White "Sanchez Peral, Pedro"]
[Black "Hurtado Garrido, Reyes"]
[Result "1-0"]
[WhiteElo "1797"]
[BlackElo "1622"]
[PlyCount "85"]
[EventDate "2022.03.28"]
[EventType "swiss"]
[EventRounds "9"]
[EventCountry "ESP"]
[SourceTitle "Ajedrez en Madrid"]
[Source "lmi"]
[SourceDate "2022.03.28"]
[SourceVersion "1"]
[SourceVersionDate "2022.04.18"]
[SourceQuality "1"]

1. e4 c5 2. Nf3 g6 3. d4 cxd4 4. Qxd4 Nf6 5. e5 Nc6 6. Qa4 Nd5 7. Qe4 Nc7 8.
Bf4 Ne6 9. Nc3 Nxf4 10. Qxf4 d5 11. exd6 Qxd6 12. Qxd6 exd6 13. O-O-O Be6 14.
Bb5 Kd7 15. Rhe1 Kc7 16. Ng5 Bh6 17. f4 Rhe8 18. Nxe6+ Rxe6 19. Rxe6 Bxf4+ 20.
Kb1 fxe6 21. g3 Be5 22. Ne4 Nd4 23. Bd3 h6 24. c3 Nc6 25. Rf1 Re8 26. Nf6 Re7
27. Bxg6 Bxf6 28. Rxf6 Ne5 29. Bh5 Nc4 30. Kc2 e5 31. b3 Ne3+ 32. Kd2 Nd5 33.
Rxh6 e4 34. c4 e3+ 35. Ke1 Nb4 36. Rf6 Nd3+ 37. Kd1 Nb2+ 38. Ke2 Re5 39. Bf3
Re7 40. h4 b5 41. cxb5 d5 42. Bxd5 Rg7 43. Rf7+ 1-0

[Event "Madrid ch Veteranos 2122"]
[Site "Madrid ESP"]
[Date "2022.04.06"]
[Round "8.18"]
[White "Pareja Vicente, Antonio"]
[Black "Cano Mercado, Francisco Manuel"]
[Result "1-0"]
[WhiteElo "1604"]
[BlackElo "1715"]
[PlyCount "153"]
[EventDate "2022.03.28"]
[EventType "swiss"]
[EventRounds "9"]
[EventCountry "ESP"]
[SourceTitle "Ajedrez en Madrid"]
[Source "lmi"]
[SourceDate "2022.03.28"]
[SourceVersion "1"]
[SourceVersionDate "2022.04.18"]
[SourceQuality "1"]

1. e4 e6 2. d4 d5 3. e5 c5 4. c3 Bd7 5. Bd3 Qb6 6. Nf3 Bb5 7. dxc5 Bxc5 8. O-O
Bxd3 9. Qxd3 Qa6 10. Qxa6 Nxa6 11. b4 Be7 12. Be3 Nh6 13. Nd4 Ng4 14. Bd2 Nxe5
15. f4 Nc4 16. Re1 O-O 17. Nb5 Bf6 18. Be3 Nxe3 19. Rxe3 Nxb4 20. N1a3 a6 21.
Nd4 Nc6 22. Nb3 d4 23. cxd4 Nxd4 24. Rd1 Nxb3 25. axb3 b5 26. Red3 Rad8 27. Kf1
Rxd3 28. Rxd3 Rd8 29. Ke2 Kf8 30. Nc2 Rxd3 31. Kxd3 a5 32. Na3 a4 33. b4 Ke8
34. Nxb5 Kd7 35. Kc4 Bb2 36. Na7 Kc7 37. b5 a3 38. Kb3 Kb6 39. Nc8+ Kc7 40. Ne7
Bd4 41. Nc6 Bc5 42. Ne5 f6 43. Nc4 Bg1 44. h3 Bh2 45. Kxa3 Bxf4 46. Kb4 Bg3 47.
Ka5 Kb7 48. Kb4 Bc7 49. Kc5 Bg3 50. Na5+ Kc8 51. Kc6 g5 52. Nb7 h5 53. Nc5 Kd8
54. Nxe6+ Ke7 55. Nc7 Kd8 56. b6 Bxc7 57. bxc7+ Kc8 58. Kd6 f5 59. Ke5 g4 60.
h4 Kxc7 61. Kxf5 Kd6 62. Kg5 Ke5 63. Kxh5 Kf4 64. Kg6 g3 65. h5 Ke3 66. h6 Kf2
67. h7 Kxg2 68. h8=Q Kf1 69. Qh1+ Kf2 70. Qh4 Kf3 71. Qf6+ Ke2 72. Qe5+ Kf3 73.
Qf5+ Ke2 74. Qe4+ Kf2 75. Qf4+ Kg2 76. Kh5 Kh1 77. Qh4+ 1-0

[Event "Madrid ch Veteranos 2122"]
[Site "Madrid ESP"]
[Date "2022.04.06"]
[Round "8.19"]
[White "Caravantes Camacho, Fernando"]
[Black "Marin Lopez, Jeronimo"]
[Result "0-1"]
[WhiteElo "1554"]
[BlackElo "1901"]
[PlyCount "128"]
[EventDate "2022.03.28"]
[EventType "swiss"]
[EventRounds "9"]
[EventCountry "ESP"]
[SourceTitle "Ajedrez en Madrid"]
[Source "lmi"]
[SourceDate "2022.03.28"]
[SourceVersion "1"]
[SourceVersionDate "2022.04.18"]
[SourceQuality "1"]

1. e4 d6 2. d4 Nf6 3. Nc3 e5 4. dxe5 dxe5 5. Qxd8+ Kxd8 6. Bg5 Be6 7. O-O-O+
Nbd7 8. Bb5 Bd6 9. Nge2 Kc8 10. f3 a6 11. Bxd7+ Nxd7 12. Be3 b5 13. Kb1 h5 14.
Nd5 Kb7 15. f4 Bg4 16. Rhe1 exf4 17. Ndxf4 Nf6 18. h3 Bxe2 19. Nxe2 Nxe4 20.
Nd4 Bg3 21. Rf1 Nd6 22. Nf5 Rae8 23. Nxd6+ Bxd6 24. Bf4 Bxf4 25. Rxf4 f6 26.
Rf2 Re5 27. Kc1 Kc6 28. Rfd2 Rhe8 29. c3 Re2 30. Kc2 h4 31. Rg1 R8e3 32. Kd1
Rxd2+ 33. Kxd2 Rg3 34. Ke2 a5 35. Kf2 b4 36. cxb4 axb4 37. Rc1+ Kd6 38. Rc4 c5
39. Rxh4 Rd3 40. Ke2 Rd5 41. Rh8 Ke5 42. Rc8 Kf4 43. Rg8 g5 44. g4 Kg3 45. Rh8
Rd6 46. Rh6 Ra6 47. Kd3 Rxa2 48. Kc4 Rxb2 49. Kxc5 Rh2 50. Kxb4 Rxh3 51. Rxf6
Kxg4 52. Kc4 Re3 53. Kd4 Re1 54. Kd3 Kg3 55. Kd2 Re5 56. Rf1 Kg2 57. Rf6 g4 58.
Rg6 g3 59. Rf6 Kg1 60. Rf7 g2 61. Rf8 Kh2 62. Rh8+ Kg3 63. Rg8+ Kf3 64. Rf8+
Kg4 0-1

[Event "Madrid ch Veteranos 2122"]
[Site "Madrid ESP"]
[Date "2022.04.06"]
[Round "8.20"]
[White "Lopez Heras, Arturo"]
[Black "Barahona Torrijos, Angel"]
[Result "1-0"]
[WhiteElo "1757"]
[BlackElo "1822"]
[PlyCount "81"]
[EventDate "2022.03.28"]
[EventType "swiss"]
[EventRounds "9"]
[EventCountry "ESP"]
[SourceTitle "Ajedrez en Madrid"]
[Source "lmi"]
[SourceDate "2022.03.28"]
[SourceVersion "1"]
[SourceVersionDate "2022.04.18"]
[SourceQuality "1"]

1. e4 e5 2. Nf3 Nc6 3. d4 exd4 4. Nxd4 Bc5 5. Nxc6 Qf6 6. Qd2 dxc6 7. Qf4 Be6
8. Nc3 O-O-O 9. Bd3 Bd4 10. O-O Be5 11. Qxf6 Nxf6 12. Be3 Ng4 13. Bc5 Nxh2 14.
Rfe1 h5 15. Ne2 Ng4 16. f4 Bf6 17. e5 Bxe5 18. fxe5 Nxe5 19. Nf4 Nxd3 20. Nxd3
h4 21. Nf4 h3 22. Nxe6 fxe6 23. Rad1 Rh5 24. Rxd8+ Kxd8 25. Be3 hxg2 26. Kxg2
b6 27. Bf4 Ke7 28. Bxc7 Ra5 29. a3 Rb5 30. b4 Rd5 31. Re2 c5 32. Kf3 cxb4 33.
axb4 a5 34. Bxb6 axb4 35. Ke4 Rb5 36. Bd4 g5 37. Re3 Kd6 38. Rb3 g4 39. c3 Rg5
40. cxb4 g3 41. Rxg3 1-0

[Event "Madrid ch Veteranos 2122"]
[Site "Madrid ESP"]
[Date "2022.04.06"]
[Round "8.21"]
[White "De Luna Butz, Alberto"]
[Black "Mendez Martinez, Miguel Angel"]
[Result "1-0"]
[WhiteElo "1638"]
[BlackElo "1763"]
[PlyCount "71"]
[EventDate "2022.03.28"]
[EventType "swiss"]
[EventRounds "9"]
[EventCountry "ESP"]
[SourceTitle "Ajedrez en Madrid"]
[Source "lmi"]
[SourceDate "2022.03.28"]
[SourceVersion "1"]
[SourceVersionDate "2022.04.18"]
[SourceQuality "1"]

1. Nf3 d5 2. c4 e6 3. g3 Nf6 4. Bg2 c6 5. O-O dxc4 6. Qc2 Nbd7 7. Qxc4 Nb6 8.
Qc2 Be7 9. d4 O-O 10. Nc3 Nbd5 11. a3 Nxc3 12. bxc3 Qa5 13. Bd2 Qh5 14. Bg5 h6
15. Bxf6 Bxf6 16. e4 g5 17. e5 Bg7 18. Rab1 f6 19. exf6 Bxf6 20. Ne5 Bxe5 21.
dxe5 g4 22. Qe4 Rf5 23. Rfe1 a5 24. Rbd1 Qg5 25. Qe3 Qxe3 26. Rxe3 Kf8 27. Rd8+
Ke7 28. Rh8 h5 29. f3 b6 30. fxg4 hxg4 31. Bxc6 Bb7 32. Rxa8 Bxc6 33. Ra7+ Ke8
34. c4 Ba4 35. Rb7 Bb3 36. Rxb3 1-0

[Event "Madrid ch Veteranos 2122"]
[Site "Madrid ESP"]
[Date "2022.04.06"]
[Round "8.22"]
[White "Jimenez Gonzalez, Marcos"]
[Black "Lopez Manso, Jeronimo"]
[Result "1-0"]
[WhiteElo "1761"]
[BlackElo "1410"]
[PlyCount "65"]
[EventDate "2022.03.28"]
[EventType "swiss"]
[EventRounds "9"]
[EventCountry "ESP"]
[SourceTitle "Ajedrez en Madrid"]
[Source "lmi"]
[SourceDate "2022.03.28"]
[SourceVersion "1"]
[SourceVersionDate "2022.04.18"]
[SourceQuality "1"]

1. d4 Nf6 2. c4 e6 3. g3 c5 4. d5 b5 5. cxb5 Nxd5 6. Bg2 Bb7 7. Nf3 Qa5+ 8. Bd2
Qxb5 9. Na3 Qxb2 10. Nc4 Nc3 11. Nxb2 Nxd1 12. Rxd1 d5 13. O-O Be7 14. Bf4 Ba6
15. Rfe1 Nc6 16. Ne5 Nd4 17. Bf3 g5 18. Be3 Nc2 19. Rf1 Rc8 20. Bc1 Bd6 21. Ng4
Be7 22. Ne3 Nd4 23. Rfe1 h5 24. Na4 g4 25. Bg2 Nxe2+ 26. Kh1 Nd4 27. Bb2 Bf6
28. Nxd5 Bg7 29. Rc1 Kd7 30. Nxc5+ Rxc5 31. Rxc5 Rb8 32. Rc7+ Kd6 33. Ba3+ 1-0

[Event "Madrid ch Veteranos 2122"]
[Site "Madrid ESP"]
[Date "2022.04.06"]
[Round "8.23"]
[White "Villodre Miranda, Juan Alonso"]
[Black "Fernandez Garcia, Ignacio"]
[Result "0-1"]
[WhiteElo "1563"]
[BlackElo "1844"]
[PlyCount "134"]
[EventDate "2022.03.28"]
[EventType "swiss"]
[EventRounds "9"]
[EventCountry "ESP"]
[SourceTitle "Ajedrez en Madrid"]
[Source "lmi"]
[SourceDate "2022.03.28"]
[SourceVersion "1"]
[SourceVersionDate "2022.04.18"]
[SourceQuality "1"]

1. c4 e5 2. e4 Bc5 3. Nc3 c6 4. g3 Nf6 5. Bg2 Na6 6. Nge2 Nc7 7. Na4 Be7 8. O-O
Ne6 9. Nac3 d6 10. d3 h5 11. h3 g5 12. d4 g4 13. h4 Nd7 14. d5 Nef8 15. f4 exf4
16. Bxf4 Ng6 17. dxc6 bxc6 18. Bxd6 O-O 19. Bxe7 Qxe7 20. Nf4 Bb7 21. Qd4 c5
22. Nxg6 fxg6 23. Qd2 Kg7 24. Nd5 Qd6 25. Qc3+ Kg8 26. Rad1 Rxf1+ 27. Rxf1 Bxd5
28. exd5 Re8 29. Re1 Ne5 30. Kh1 Kg7 31. a3 Kf7 32. Rf1+ Kg7 33. b4 Kg8 34.
bxc5 Qxc5 35. Re1 Qd6 36. c5 Qf6 37. d6 Kg7 38. d7 Nxd7 39. Qxf6+ Nxf6 40. Rb1
Re7 41. c6 Rc7 42. Kg1 Kf7 43. Kf2 Ke6 44. Ke3 Nd5+ 45. Bxd5+ Kxd5 46. Rc1 Kd6
47. Rc3 Re7+ 48. Kf4 Kc7 49. Re3 Rf7+ 50. Ke4 Kxc6 51. a4 Re7+ 52. Kf4 Rxe3 53.
Kxe3 Kc5 54. Kf4 Kb4 55. Kg5 Kxa4 56. Kxg6 Kb4 57. Kxh5 a5 58. Kxg4 a4 59. Kh5
a3 60. g4 a2 61. Kh6 a1=Q 62. h5 Qh8+ 63. Kg6 Kc5 64. h6 Kd6 65. h7 Ke7 66. Kh6
Kf8 67. Kg6 Qg7+ 0-1

[Event "Madrid ch Veteranos 2122"]
[Site "Madrid ESP"]
[Date "2022.04.06"]
[Round "8.24"]
[White "Hernandez Gutierrez, Jose"]
[Black "Medina Lucena, Emilio"]
[Result "1-0"]
[WhiteElo "1732"]
[BlackElo "1303"]
[PlyCount "101"]
[EventDate "2022.03.28"]
[EventType "swiss"]
[EventRounds "9"]
[EventCountry "ESP"]
[SourceTitle "Ajedrez en Madrid"]
[Source "lmi"]
[SourceDate "2022.03.28"]
[SourceVersion "1"]
[SourceVersionDate "2022.04.18"]
[SourceQuality "1"]

1. d4 d5 2. c4 Nf6 3. cxd5 Nxd5 4. g3 c6 5. Bg2 e6 6. Nf3 Bb4+ 7. Bd2 Bxd2+ 8.
Nbxd2 Nd7 9. O-O N7f6 10. a3 Nb6 11. Qc2 Nbd7 12. e4 O-O 13. e5 Ne8 14. Rfe1 g6
15. Rad1 Ng7 16. Ne4 Ne8 17. Qd2 f6 18. Qh6 Rf7 19. Bh3 Nf8 20. Nc5 f5 21. Bg2
b6 22. Nd3 Rg7 23. Qc1 Bd7 24. b4 a5 25. h4 h5 26. Qc3 Nh7 27. Nf4 Qe7 28. Nd2
axb4 29. axb4 Rc8 30. Nb3 Nf8 31. Rc1 g5 32. hxg5 Qxg5 33. Nd2 h4 34. Nf3 Qh6
35. Nxh4 Rg4 36. Qe3 Ng7 37. Nf3 Nh5 38. Nh3 Qg7 39. Nfg5 Ng6 40. Bf3 Rxg3+ 41.
fxg3 Nxg3 42. Qf2 Nh5 43. Bxh5 Qh6 44. Bxg6 Qxg6 45. Qg2 Kf8 46. Nf4 Qh6 47.
Kf2 Qh4+ 48. Qg3 Qxg3+ 49. Kxg3 Kg7 50. Rg1 Rg8 51. Kf3 1-0

[Event "Madrid ch Veteranos 2122"]
[Site "Madrid ESP"]
[Date "2022.04.06"]
[Round "8.25"]
[White "Ramos Antona, Enrique"]
[Black "Lobato Palomo, Manuel"]
[Result "1/2-1/2"]
[WhiteElo "1512"]
[BlackElo "1716"]
[PlyCount "116"]
[EventDate "2022.03.28"]
[EventType "swiss"]
[EventRounds "9"]
[EventCountry "ESP"]
[SourceTitle "Ajedrez en Madrid"]
[Source "lmi"]
[SourceDate "2022.03.28"]
[SourceVersion "1"]
[SourceVersionDate "2022.04.18"]
[SourceQuality "1"]

1. d4 d5 2. c4 c6 3. Nc3 Nf6 4. cxd5 cxd5 5. Nf3 Nc6 6. Bf4 a6 7. e3 e6 8. Rc1
Bd6 9. Bxd6 Qxd6 10. h3 Bd7 11. a3 Rc8 12. b4 Na7 13. Ne5 O-O 14. Nxd7 Nxd7 15.
Bd3 Rc7 16. Na2 Rfc8 17. Rxc7 Rxc7 18. O-O Nb6 19. Qh5 g6 20. Qe5 Qxe5 21. dxe5
Nc4 22. Rc1 Rc6 23. Bxc4 Rxc4 24. Rxc4 dxc4 25. Nc3 b5 26. Kf1 Nc6 27. f4 Kf8
28. Ke2 Ke7 29. g4 f6 30. exf6+ Kxf6 31. Ne4+ Ke7 32. Kd2 h6 33. Kc3 Kd7 34.
Nc5+ Kd6 35. Nxa6 e5 36. Nc5 exf4 37. exf4 Ne7 38. Kd4 Nc6+ 39. Kc3 Kd5 40. a4
bxa4 41. Nxa4 Ke4 42. b5 Na5 43. f5 gxf5 44. gxf5 Kxf5 45. Kb4 Nb7 46. Kxc4
Nd6+ 47. Kc5 Nxb5 48. Kxb5 Kf4 49. Nc3 Kg3 50. Ne4+ Kxh3 51. Nf6 Kh4 52. Kc4
Kg5 53. Ne4+ Kf4 54. Nf6 Kf5 55. Nh5 Kg5 56. Ng7 Kg6 57. Ne6 h5 58. Kd3 Kf5
1/2-1/2